00550nam a2200193 a 4500001001300000003000900013005001700022008004100039020002700080082001900107100002300126245006200149260003300211300000900244500003500253505001200288650003700300650001900337nice12345678IN_TiNIC20260116012254.0050524s1993 u sa grp 000 0 eng  a0800688 c1631.2100a232.09015bMAL aMaherbe, Abraham J aFuture of Christologyb Essays in Honor of Leander E Keck aU S abFortress Press c1993 a265p aincludes index and biblioraphy2 aIndices aJesus Christ-History of Doctrine aLeander E Keck